[Event "SEMI A007 email"]
[Site "SEMI email"]
[Date "2000.01.25"]
[Round "?"]
[White "Howes, Tony"]
[Black "Vostrikov, Kuzma"]
[Result "0-1"]
[WhiteElo "1801"]
[BlackElo "2200"]
[PlyCount "104"]
[EventDate "2000.01.25"]
[EventType "tourn (corr)"]
[EventRounds "6"]
[EventCountry "ITA"]
[SourceTitle "Corr 2002"]
[Source "ChessBase"]
[SourceDate "2002.05.23"]
[SourceVersion "1"]
[SourceVersionDate "2002.05.23"]
[SourceQuality "1"]

1. e4 e5 2. Nc3 Bc5 3. f4 d6 4. Nf3 Nf6 5. Bc4 Nc6 6. d3 a6 7. f5 b5 8. Bb3 h6 9. Qe2 Bb7 10. Nd5 Nd4 11. Nxd4 Nxd5 12. Bxd5 Bxd5 13. exd5 Qh4+ 14. Qf2 Qxd4 15. Qxd4 Bxd4 16. c3 Bb6 17. Ke2 Kd7 18. Be3 Bxe3 19. Kxe3 c5 20. dxc6+ Kxc6 21. d4 Rhe8 22. Rhe1 f6 23. Rad1 Rad8 24. g4 exd4+ 25. Kxd4 Re5 26. h3 Rd5+ 27. Ke3 Re8+ 28. Kf3 Rxe1 29. Rxe1 Rd2 30. Re2 Rxe2 31. Kxe2 Kd5 32. Kd3 Ke5 33. Ke3 a5 34. b3 h5 35. a3 a4 36. b4 hxg4 37. hxg4 d5 38. Kd3 Kf4 39. Kd4 Kxg4 40. Kc5 Kxf5 41. Kxb5 g5 42. Kc6 g4 43. b5 g3 44. b6 g2 45. b7 g1Q 46. b8Q Qe3 47. Qb4 Qe4 48. Kc5 Kg5 49. Qb7 f5 50. Qg7+ Kf4 51. Qh6+ Kf3 52. Kd6 f4 0-1